Cheval réel ou de fiction ? - Statistiques

Statistiques générales
  • Ce quiz a été pris 11 fois
  • Le résultat moyen est 9 sur 15
Statistiques - réponses
Question Réponse % Correct
Jappeloup Réel
100%
Pégase Fiction
89%
Sleipnir Fiction
78%
Idéal du Gazeau Réel
78%
Sampson Réel
78%
Epona Fiction
67%
Prancer Fiction
67%
Secretariat Réel
67%
Angus Fiction
56%
Helhest Fiction
56%
Lou Drapé Fiction
56%
Applejack Fiction
44%
Le Vizir Réel
44%
Rochet M Réel
33%
Uraeus Réel
22%
Aucun quiz correspondant
Distribution des résultats
% des personnes avec chaque résultat
Percentile par nombre de réponses
Votre historique - résultats
Vous n’avez pas pris ce quiz